|
|
|
|
| LEADER |
00000nam a2200000 a 4500 |
| 001 |
vtls001093881 |
| 003 |
SK-MaSNL |
| 005 |
20260301135453.0 |
| 008 |
250414s1984 xo 0 slo |
| 015 |
|
|
|a SNBA1985/03
|
| 035 |
|
|
|a SNK000036723
|
| 040 |
|
|
|a SNK
|b slo
|c SNK
|e AACR2
|
| 041 |
0 |
|
|a slo
|
| 044 |
|
|
|a xo
|c SK
|
| 080 |
|
|
|a 539.2+621.928(075.8)
|2 1981
|
| 080 |
|
|
|a 621.928(075.8)
|2 1981
|
| 100 |
1 |
|
|a Jindra, Vladimír
|4 aut
|9 377427
|
| 245 |
1 |
0 |
|a Mechanické pochody
|c Vladimír Jindra
|
| 250 |
|
|
|a 2. vyd.
|
| 260 |
|
|
|a Bratislava
|b Slovenská vysoká škola technická
|c 1984
|e Bratislava
|f Edičné stredisko SVŠT
|
| 300 |
|
|
|a 132 s., 8,772 AH
|b Sch. Tb.
|c 29 cm
|
| 366 |
|
|
|e 150 výtl.
|
| 500 |
|
|
|a Lit. 58. Schválilo MŠ SSR ako skriptum. Rozmn. 58 zázn. v slov., češ., nem. a ruš.
|
| 852 |
|
|
|a Slovenská národná knižnica
|
| 954 |
|
|
|a pochody mechanické
|a látky partikulárne
|
| 958 |
|
|
|a OND
|
| 958 |
|
|
|a NB
|
| 958 |
|
|
|a RM
|
| 958 |
|
|
|a UV
|
| 999 |
|
|
|c 760312
|d 762242
|
| 952 |
|
|
|a SNK
|b SNK
|y PREZ
|7 0
|p 17A0781385
|o snkSB 35815
|0 0
|1 0
|4 0
|d 2012-03-26
|f 1
|l 0
|r 2025-04-14 00:00:00
|w 2026-02-24
|
| 952 |
|
|
|t P60, <04>, [BOOK], {604}
|a SNK
|b SNK
|y VYP
|7 0
|p 17A0166335
|o snkSB 35815 D1
|0 0
|1 0
|4 0
|d 1998-10-17
|l 0
|r 2004-12-31 00:00:00
|w 2026-02-24
|